Racionalidad en el derecho (Registro nro. 3028)

Detalles MARC
000 -LEADER
fixed length control field 01642 a2200241 4500
001 - CONTROL NUMBER
control field 39348
005 - DATE AND TIME OF LATEST TRANSACTION
control field 20260407155652.0
008 - FIXED-LENGTH DATA ELEMENTS--GENERAL INFORMATION
fixed length control field 260407a2015 arg spa d
003 - CONTROL NUMBER IDENTIFIER
control field AR-UNSa-BCEJYS
040 ## - CATALOGING SOURCE
Original cataloging agency AR-UNSa-BCEJYS
Language of cataloging spa
Transcribing agency AR-UNSa-BCEJYS
080 ## - UNIVERSAL DECIMAL CLASSIFICATION NUMBER
Universal Decimal Classification number 340.12
Common auxiliary subdivision Tendencias en la teoría del derecho. Escuelas, doctrinas jurídicas. Filosofía del derecho. Teorías sobre el Estado y el derecho<br/>
020 ## - INTERNATIONAL STANDARD BOOK NUMBER
International Standard Book Number 978-950-23-2520-0
041 ## - LANGUAGE CODE
Language code of text/sound track or separate title spa
100 1# - MAIN ENTRY--PERSONAL NAME
Personal name Alonso, Juan Pablo
245 10 - TITLE STATEMENT
Title Racionalidad en el derecho
264 #1 - PRODUCTION, PUBLICATION, DISTRIBUTION, MANUFACTURE, AND COPYRIGHT NOTICE
Place of production, publication, distribution, manufacture Buenos Aires :
Name of producer, publisher, distributor, manufacturer Universidad de Buenos Aires. Facultad de Derecho. Departamento de Publicaciones
Date of production, publication, distribution, manufacture, or copyright notice 2015
300 ## - PHYSICAL DESCRIPTION
Extent 647 p.
Dimensions 23 cm.
520 ## - SUMMARY, ETC.
Summary, etc. ste libro es una recopilación de los trabajos presentados durante el Simposio “Racionalidad en el Derecho”, organizado conjuntamente por la Facultad de Filosofía de la Universidad Estatal de San Petersburgo (Rusia) y la Facultad de Derecho de la Universidad de Buenos Aires (Argentina). El simposio se desarrolló del 5 al 7 de mayo de 2014 en la facultad de Derecho de la Universidad de Buenos Aires. El libro contiene los trabajos presentados por los once expositores plenarios del simposio de Buenos Aires, Córdoba y Mar del Plata; Rusia; España; Italia, México. Y las tres disertaciones presentadas en el debate “Mi visión de la Racionalidad en el Derecho”, llevado a cabo en la Argentina.
505 ## - FORMATTED CONTENTS NOTE
Formatted contents note 1. Introducción - 2. Plenarios - 3. Debates - 4. Foros
590 ## - LOCAL NOTE (RLIN)
Local note niveau_biblio:m niveau_hierar:0
856 41 - ELECTRONIC LOCATION AND ACCESS
Uniform Resource Identifier <a href="https://biblioeco.unsa.edu.ar/pmb/images/libros/L125776.jpg">https://biblioeco.unsa.edu.ar/pmb/images/libros/L125776.jpg</a>
Link text Imagen de portada
Electronic format type image/jpeg
942 ## - ADDED ENTRY ELEMENTS (KOHA)
Koha item type
Existencias
Withdrawn status Lost status Damaged status Not for loan Home library Current library Shelving location Date acquired Total checkouts Full call number Barcode Date last seen Price effective from Koha item type
        Biblioteca Prof. Eusebio Cleto del Rey Biblioteca Prof. Eusebio Cleto del Rey   07/04/2026   340.12 A454 L125776 07/04/2026 07/04/2026 Libro